书目信息 |
| 题名: |
钱建忠行书春联
|
|
| 作者: | 钱建忠 | |
| 分册: | ||
| 出版信息: | 北京 东方出版社 2016.01 |
|
| 页数: | 66页 | |
| 开本: | 20cm | |
| 丛书名: | ||
| 单 册: | ||
| 中图分类: | J292.35 | |
| 科图分类: | ||
| 主题词: | 书法--中国 , 篆刻--中国 | |
| 电子资源: | ||
| ISBN: | 7-5473-0900-3 | |
| 000 | 00653nam0 2200229 450 | |
| 001 | 2367 | |
| 005 | 20161205105627.20 | |
| 010 | @a7-5473-0900-3@dCNY25.00 | |
| 100 | @a20150808d2016 km y0chiy0120 ea | |
| 101 | 0 | @achi |
| 102 | @aCN@b310000 | |
| 102 | @aCN@b110000 | |
| 200 | 1 | @a钱建忠行书春联@Aqian jian zhong xing shu chun lian@f钱建忠@Fqian jian zhong |
| 210 | @a北京@c东方出版社@d2016.01 | |
| 215 | @a66页@d20cm | |
| 330 | @a毛笔字·行书·法帖 | |
| 606 | 0 | @a书法@x中国 |
| 606 | 0 | @a篆刻@x中国 |
| 690 | @aJ292.35@v4 | |
| 701 | 0 | @a钱建忠@Aqian jian zhong |
| 801 | 0 | @aCN@b大连网信软件有限公司图书馆·11@c20161205 |
| 905 | @aZUCC@dJ292.35@e562 | |
| 钱建忠行书春联/钱建忠.-北京:东方出版社,2016.01 |
| 66页;20cm |
| ISBN 7-5473-0900-3:CNY25.00 |
| 毛笔字·行书·法帖 |
| ● |
| 相关链接 |
|
|
|
|
正题名:钱建忠行书春联
索取号:J292.35/562
 
预约/预借
| 序号 | 登录号 | 条形码 | 馆藏地/架位号 | 状态 | 备注 |
| 1 | 910746 | 209107465 | 第一样本阅览室/ [索取号:J292.35/562] | 在馆 | |
| 2 | 910747 | 209107474 | 第一借阅区/ [索取号:J292.35/562] | 在馆 | |
| 3 | 910748 | 209107483 | 第一借阅区/ [索取号:J292.35/562] | 在馆 | |
| 4 | 910749 | 209107492 | 第一借阅区/ [索取号:J292.35/562] | 在馆 | |
| 5 | 910750 | 209107508 | 第一借阅区/ [索取号:J292.35/562] | 在馆 |